000 01128nam a2200241Ia 4500
003 OSt
005 20201006175412.0
008 191128s2009 ck a gr 000 0 spa d
020 _a9789586522410
040 _aCO-JMCR
_cCO-JMCR
041 0 _aspa
082 0 4 _a657.458 /
_bS172r
_223
100 _aSalnave Sanín, Marie Anne,
_eautor
_911307
245 0 _aRol de las oficinas de control interno, auditoría interna o quien haga sus veces /
_c Marie Anne Salnave Sanín ; editor, María del Pilar Arango Viana
260 _aBogotá :
_bDepartamento Administrativo de la Función Pública,
_c2009.
300 _a108 páginas :
_bilustraciones ;
_c28 cm.
505 0 _aGeneralidades de la oficina de control interno, auditoría interna o quien haga sus veces -- Rol de las oficinas de control interno, auditoría interna o quien haga sus veces -- Rol de acompañamiento y asesoria -- Rol de evaluación y seguimiento
650 2 4 _aAuditoría interna
_96652
650 2 4 _aControl interno
_99227
650 2 4 _aContraloría de empresas
_911308
700 1 _aArango Viana, María del Pilar,
_erevisora
_911309
942 _2ddc
_cBK
999 _c3891
_d3891